| 000 | 01721nam0a2200349 4500 | ||
|---|---|---|---|
| 001 | RU\NLR\bibl\1656234 | ||
| 005 | 20260406141611.0 | ||
| 010 |
_a978-5-89773-104-6 _950 |
||
| 021 |
_aRU _b2010-45635 _93042 |
||
| 035 | _a(NLR Aleph) 001647534 | ||
| 090 |
_a900924 _c900924 |
||
| 100 | _a20100719d2010 |||y0rusy50 ca | ||
| 101 | 0 | _arus | |
| 102 | _aRU | ||
| 105 | _ay ||||||||| | ||
| 200 | 1 |
_a"Исторический час, незабываемые минуты!". Семидесятилетие Сталина в Тамбовской области _fА.Л. Аврех _gФедерал. агентство по образованию, Гос. образоват. учреждение высш. проф. образования "Тамб. гос. ун-т им. Г.Р. Державина" |
|
| 210 |
_aТамбов _cЦентр-пресс _d2010 |
||
| 215 |
_a54 с. _d21 |
||
| 320 | _aБиблиогр. в тексте | ||
| 517 | 0 | _aСемидесятилетие Сталина в Тамбовской области | |
| 600 | 1 |
_aСталин _bИ. В. _f1879 - 1953 _gИосиф Виссарионович _91004150 _3RU\NLR\auth\6663550 |
|
| 607 |
_aТамбовская область _xИстория _z20 в. _92439797 _3RU\NLR\auth\661451530 |
||
| 686 | _aТ3(2Р-4Т)7,02 | ||
| 686 | _aТ3(2)7-8 | ||
| 700 | 1 |
_4070 _7ca _8rus _aАврех _bА. Л. _f1946- _gАлександр Липанович _9106494 _3RU\NLR\auth\77123569 |
|
| 702 | 1 |
_4570 _7ca _8rus _aСталин _bИ. В. _f1879-1953 _gИосиф Виссарионович _9113460 _3RU\NLR\auth\773464 |
|
| 801 | 0 |
_aRU _bNLR _c20100719 _gRCR |
|
| 801 | 1 |
_aRU _bNLR _c20100719 |
|
| 830 | _aавт. по кн. | ||
| 942 | _cBOOK | ||
| 980 | _aNB | ||